000 00453nam a2200181 a 4500
001 1772709458932
003 YourLibrary
005 20260305165355.0
008 260305s2007##################000#0#eng##
020 _a9780300136241
082 0 4 _a327.1247073
_bBAG
100 1 _aBagley, Tennent H.,
_eauthor.
245 1 0 _aSpy Wars :
260 _c2007.
650 0 _aEspionage, American.
942 _cENGLISH
040 _aYourLibrary
_beng
_cYourLibrary
999 _c616982
_d616982